| 000 | 00000nam 2200000za 4500 |
| 001 | 9.604287 |
| 003 | CaOODSP |
| 005 | 20240624082204 |
| 007 | cr ||||||||||| |
| 008 | 150406s2002 onc|||||o f|0| 0 fre d |
| 040 | |aCaOODSP|bfre |
| 043 | |an-cn--- |
| 086 | 1 |aCP32-78/2-2002F-PDF |
| 245 | 03|aLa mondialisation et les soins de santé au Canada |h[ressource électronique]. |
| 260 | |aOttawa : |bCommission sur l'avenir des soins de santé au Canada, |c2002. |
| 300 | |a16 p. |
| 490 | 1 |aDocument d'information/de sondage |
| 500 | |a« Juillet 2002. » |
| 520 | |aUne série de neuf documents d’information/de sondage conçus pour aider les Canadiens à prendre des décisions éclairées sur l’avenir du système de santé du Canada. Chacun de ces documents explore trois plans d’action pour faire face à d’importants défis en soins de santé. Le Canada peut choisir quelques-uns de ces plans d’action, comme il peut les adopter tous ou n’en retenir aucun. De nombreuses autres options sont aussi possibles, mais elles ne sont pas abordées ici. |
| 590 | |a12-32-Supp|b2012-07-11 |
| 691 | 07|aRégime de soins de santé|2gcpds |
| 691 | 07|aMondialisation|2gcpds |
| 710 | 1 |aCanada. |bBureau du Conseil privé. |
| 710 | 2 |aCommission sur l'avenir des soins de santé au Canada. |
| 710 | 2 |aFondation canadienne de la recherche sur les services de santé. |
| 775 | 08|tGlobalization and Canada's healthcare system |w(CaOODSP)9.574543 |
| 776 | 0#|tLa mondialisation et les soins de santé au Canada / |w(CaOODSP)9.626003 |
| 830 | #0|aDocument d'information/de sondage.|w(CaOODSP)9.503435 |
| 856 | 40|ahttp://publications.gc.ca|qPDF|s245 Ko|uhttps://publications.gc.ca/collections/Collection/CP32-78-2-2002F.pdf |